Biblioteca y Centro de Documentación

El nuevo papel del Estado en la regulación macroeconómica (Registro nro. 34643)

Detalles MARC
000 -CABECERA
Longitud fija campo de control 01051naa a2200289 c 4500
001 - NÚMERO DE CONTROL
Número de control 34643
003 - IDENTIFICADOR DE NÚMERO DE CONTROL
Identificador del número de control ES-MaCES
005 - FECHA Y HORA DE LA ÚLTIMA TRANSACCIÓN
Fecha y hora de la última transacción 20050225142100.0
008 - CAMPO FIJO DE DESCRIPCIÓN FIJA--INFORMACIÓN GENERAL
Códigos de información de longitud fija   050225n2005 sp t 000 | spa d
035 ## - NÚMERO DE CONTROL DEL SISTEMA
Número de control del sistema CES20050001146v
040 ## - FUENTE DE CATALOGACIÓN
Centro catalogador de origen ES-MaCES
Lengua de catalogación spa
Centro transcriptor ES-MaCES
041 0# - CÓDIGO DE IDIOMA
Código de lengua del texto;banda sonora o título independiente spa
-- eng
100 1# - ENCABEZAMIENTO PRINCIPAL--NOMBRE PERSONAL
Nombre de persona Torres López, Juan
9 (RLIN) 25074
245 13 - MENCIÓN DE TÍTULO
Título El nuevo papel del Estado en la regulación macroeconómica
Resto del título : el caso de la independencia de los bancos centrales
Mención de responsabilidad, etc. Juan Torres López, Alberto Montero Soler
500 ## - NOTA GENERAL
Nota general Resumen en castellano e inglés
650 #4 - ASIENTO SECUNDARIO DE MATERIA--TÉRMINO DE MATERIA
Término de materia o nombre geográfico como elemento inicial tecnocracia
9 (RLIN) 27227
650 #4 - ASIENTO SECUNDARIO DE MATERIA--TÉRMINO DE MATERIA
Término de materia o nombre geográfico como elemento inicial estabilización de los precios
9 (RLIN) 27918
650 #4 - ASIENTO SECUNDARIO DE MATERIA--TÉRMINO DE MATERIA
Término de materia o nombre geográfico como elemento inicial política económica
9 (RLIN) 27025
650 #4 - ASIENTO SECUNDARIO DE MATERIA--TÉRMINO DE MATERIA
Término de materia o nombre geográfico como elemento inicial política monetaria
9 (RLIN) 28101
650 #4 - ASIENTO SECUNDARIO DE MATERIA--TÉRMINO DE MATERIA
Término de materia o nombre geográfico como elemento inicial banco
9 (RLIN) 28104
653 10 - TÉRMINO DE INDEXACIÓN--NO CONTROLADO
Término no controlado Política económica
700 1# - ENCABEZAMIENTO SECUNDARIO--NOMBRE PERSONAL
Nombre de persona Montero Soler, Alberto
9 (RLIN) 18905
773 0# - ENTRADA DE DOCUMENTO FUENTE
Título Sistema
Parte(s) relacionada(s) n. 184-185 (en. 2005){10278 R. 059482}; p. 59-85
Número de control del registro relacionado (ES-MaCES)25730
Itemnumber del ítem fuente 70327
902 ## - CES. TIPO DE DOCUMENTO
Tipodoc (006$c Sirtex) ART Artículo de revista
942 ## - ELEMENTOS KOHA
Fuente de clasificaión o esquema Clasificación propia del CES
Koha [por defecto] tipo de item Artículos (1982-2017)
Parte de clasificación 0.0.

No hay ítems disponibles.

© CES, Consejo Económico y Social de España 2021